| 000 | 00199nam a22000857a 4500 | ||
|---|---|---|---|
| 999 |
_c24844 _d24844 |
||
| 003 | Nust | ||
| 005 | 20170407160943.0 | ||
| 008 | 170407b xxu||||| |||| 00| 0 eng d | ||
| 020 | _a9780470972861 | ||
| 040 | _cRCMS | ||
| 050 | _a629.1/2 23 VAL | ||
| 082 |
_21st ed. _a629.1/2 23 VAL |
||
| 100 | _aJohn Valasek | ||
| 245 | _aMorphing Aerospace Vachels and Structures | ||
| 260 |
_aChichester _bJohn Wiley & Sons, Ltd _cc2012. |
||
| 300 |
_axx, 283 p. : _bill, ; _c26 cm. |
||
| 538 | _iShelf # 12, Row # 3, System Engineering. | ||
| 650 | _aMORPHING AEROSPACE VEHICLES AND STRUCTURES | ||
| 856 | _3Table of Contents Only. | ||
| 942 |
_2ddc _cBK _e1st, ed. _k629.1/2 23 VAL |
||